| 000 | 00678cam a2200253 4500 | ||
|---|---|---|---|
| 001 | M1376 | ||
| 008 | 090401t1993 xxu||||| |||| 00| 0 eng d | ||
| 035 | _a(Sirsi) u31465 | ||
| 041 | _aeng | ||
| 050 | _a690.50944 | ||
| 100 | _aMarsh, B.K. | ||
| 245 | _aEuropean concreting practice: France. | ||
| 260 |
_aGarston, Watford _bBuilding Research Establishment _c1993 |
||
| 300 | _a(4)p. ; 30cm. | ||
| 350 | _a0 | ||
| 490 |
_aBRE Information Paper _v5 |
||
| 650 | _aCONCRETE CONSTRUCTION | ||
| 650 | _aCONCRETE | ||
| 650 | _aFRANCE | ||
| 690 | _aBUILT ENVIRONMENT-BUILDING MATERIALS | ||
| 710 | _aBuilding Research Establishment | ||
| 942 | _n0 | ||
| 948 | _c04/03/1997 | ||
| 999 |
_c89598 _d89598 |
||